Benson Boone — Complete Discography - Statistics

General Stats
  • This quiz has been taken 61 times
  • The average score is 21 of 34
Answer Stats
Answer % Correct
Beautiful Things
92%
Ghost Town
87%
In The Stars
87%
Mystical Magical
82%
Slow It Down
82%
Coffee Cake
79%
Sorry I'm Here For Someone Else
79%
Cry
76%
Be Someone
71%
Momma Song
71%
Pretty Slowly
68%
Intro
66%
What Was
66%
NIGHTS LIKE THESE
63%
Sugar Sweet
63%
Before You
61%
Drunk In My Mind
61%
Friend
61%
Little Runaway
61%
ROOM FOR 2
61%
Better Alone
58%
Forever and a Day
58%
Let Me Go
58%
There She Goes
58%
Death Wish Love
55%
Empty Heart Shaped Box
55%
Hello Love
55%
Lovely Darling
55%
My Greatest Fear
55%
To Love Someone
53%
What Do You Want
53%
Work of Art
50%
Love Of Mine
42%
In The Stars - French Version
3%
No matching quizzes found
Score Distribution
Percent of People with Each Score
Percentile by Number Answered
Your Score History
You have not taken this quiz